Everyman's English pronuncing dictionary

Bibliographic Details
Main Author: Jones, Daniel , 1881-1967 (Author)
Format: Book
Published: London : The English Language Book Society and J. M. Dent , 1968
Edition:13th ed
Subjects:

MARC

LEADER 00000cam a2200000 7i4500
001 0000008715
005 20220830093000.0
008 021119s1968
020 |a 0460031007 
090 0 0 |a PE1128   |b .J66 
100 0 |a Jones, Daniel ,   |d 1881-1967 ,   |e author 
245 1 0 |a Everyman's English pronuncing dictionary   |c by Daniel Jones   |f edited by A. C. Gimson 
250 |a 13th ed 
260 2 |a London :   |b The English Language Book Society and J. M. Dent ,   |c 1968 
300 |a 544 p. ;   |c 19 cm. 
650 0 |a English language   |v Phonetic transcriptions   |v Dictionaries 
650 0 |a English language   |x Pronunciation   |v Dictionaries 
999 |a 1000045941   |b Book   |c Reference   |e Gong Badak Campus 
999 |a 1000045942   |b Book   |c Reference   |e Gong Badak Campus